Statistics for Biggest Cities Not on the Ocean

Click here to take the quiz!

General Stats

  • This quiz has been taken 72 times
  • The average score is 21 of 30

Answer Stats

PopCity% Correct
27.2 mDelhi
97%
20.7 mBeijing
94%
17.1 mMoscow
92%
11.3 mParis
91%
9.8 mChicago
89%
14.5 mLondon
86%
13.1 mJohannesburg
85%
22.3 mMexico City
85%
17.1 mCairo
83%
7.2 mToronto
83%
14.0 mTehran
80%
9.2 mHyderabad
79%
10.5 mLahore
79%
9.5 mBogotá
77%
9.8 mChengdu
76%
10.9 mKinshasa
76%
10.8 mBengaluru
73%
8.1 mWuhan
68%
21.9 mSão Paulo
65%
7.2 mChongqing
64%
16.2 mKolkata
62%
7.7 mAhmedabad
61%
17.9 mDhaka
59%
7.2 mSantiago de Chile
53%
8.4 mWashington, D.C.
52%
7.4 mPhiladelphia
50%
7.1 mNanjing
44%
8.5 mHangzhou
35%
7.8 mShenyang
33%
8.3 mHo Chi Minh City
30%

Score Distribution

Percentile by Number Answered

Percent of People with Each Score

Your Score History

You have not taken this quiz